| 000 | 01166nam a2200289Ia 4500 | ||
|---|---|---|---|
| 003 | OSt | ||
| 005 | 20221005110004.0 | ||
| 006 | a|||||r|||| 00| 0 | ||
| 007 | ta | ||
| 008 | 221004b |||||||| |||| 00| 0 hin d | ||
| 020 |
_a8172017650 (hbk) _c1500 |
||
| 024 | _a93680 | ||
| 037 |
_b528, 19/03/2009, Vani Prakashan _cTextual |
||
| 040 |
_aCRL _cCRL _bhin |
||
| 041 |
_2hin _ahin |
||
| 082 | _aO157,3N36,1, 152N7 | ||
| 100 | _aराय, देवेश | ||
| 245 | 0 | _aगाथा तिस्ता पार की | |
| 246 | _aGāthā tistā pār kī | ||
| 260 |
_aनई दिल्ली _bसाहित्य अकादेमी भारत _c1997 |
||
| 300 |
_a780पृ0 _ccm. |
||
| 490 | _aसाहित्य अकादेमी पुरस्कार प्राप्त बाड्.ला उपन्यास | ||
| 650 | _aबंगाली साहित्य | ||
| 700 | _a शाह, साधना, अनु. | ||
| 942 |
_hO157,3N36,1, 152N7 _cTEXL _2cc |
||
| 999 |
_c1017447 _d1017447 |
||